[Event "Aeroflot Open 2017"]
[Site "Moscow"]
[Date "2017.03.01"]
[Round "9"]
[White "Bluebaum, Matthias"]
[Black "Ramirez, Alejandro"]
[Result "1-0"]
[WhiteElo "2632"]
[BlackElo "2549"]
[Annotator "TA"]
[PlyCount "59"]
[EventDate "2017.??.??"]

1. d4 d6 2. Nf3 g6 3. c4 Bg7 4. Nc3 c5 5. dxc5 Bxc3+ 6. bxc3 dxc5 7. Qxd8+ Kxd8
8. Ne5 Ke8 9. g3 {LiveBook: 3 Games} f6 10. Nd3 Na6 (10... Nd7 $14) 11. Bg2 $16
{White is better.} Rb8 12. a4 e6 13. a5 Ne7 14. Be3 Nf5 15. Bxc5 Nxc5 16. Nxc5
b6 17. axb6 axb6 18. Nd3 Bd7 19. O-O {aiming for Rfb1.} Rc8 $2 {[#]} (19... Rf8
$16 {was necessary.} 20. Rfb1 Rc8 21. Rxb6 Rxc4) 20. c5 $1 $18 bxc5 21. Bb7 Rb8
22. Nxc5 Bc8 23. Bxc8 Rxc8 24. Ne4 ({Resist} 24. Nxe6 Kf7 $18) 24... Kf8 25.
Ra7 ({But not} 25. Nxf6 Kf7 $18) 25... Ne7 26. Rb1 ({Don't play} 26. Nxf6 Kf7
$18) 26... f5 27. Nd6 {White is clearly winning.} Rd8 28. Rbb7 Rxd6 29. Rxe7
Rc6 30. Rec7 1-0

[Event "Aeroflot Open 2017"]
[Site "Moscow"]
[Date "2017.03.01"]
[Round "9"]
[White "Buhmann, Rainer"]
[Black "Petrosyan, Manuel"]
[Result "1/2-1/2"]
[WhiteElo "2625"]
[BlackElo "2549"]
[Annotator "TA"]
[PlyCount "119"]
[EventDate "2017.??.??"]

1. d4 Nf6 2. c4 e6 3. Nf3 b6 4. g3 Ba6 5. Qb3 d5 6. cxd5 exd5 7. Nc3 c6 8. Bg5
Be7 9. Bxf6 Bxf6 {LiveBook: 3 Games} (9... gxf6 10. a3 $16) 10. e4 dxe4 11.
Nxe4 O-O {White has an edge.} 12. O-O-O Be7 13. Kb1 Qd5 14. Qxd5 cxd5 15. Nc3
Bxf1 16. Rhxf1 Rd8 17. Rc1 $36 {White is really pushing.} f6 18. Rfe1 Kf8 19.
Nb5 Na6 20. Nh4 Rd7 21. Re3 Kf7 22. a3 Rad8 23. Nf5 Bf8 24. Rec3 g6 25. Ne3 Bh6
26. Rc8 Bxe3 27. Rxd8 Rxd8 28. fxe3 $16 {Endgame KRN-KRN} Rd7 29. Rc8 Re7 30.
Rh8 Ke6 31. Kc2 Kf5 32. h3 ({White should try} 32. Ra8 $16) 32... Nc7 $11 {
The position is equal.} ({Reject} 32... Rxe3 $6 33. g4+ (33. Nxa7 Nc7 $11) (33.
Rxh7 Rxg3 34. Rxa7 Nb8 $16) 33... Ke4 34. Rxh7 $16) 33. Nd6+ Ke6 $1 34. Nc8 Re8
35. Rxe8+ Nxe8 36. Nxa7 {aiming for Nc8. KN-KN} Nd6 37. a4 Kd7 38. Kd3 h5 39.
Ke2 Kc7 40. Kf3 Kb7 $1 41. Nb5 Nxb5 $1 42. axb5 {KP-KP} Kc7 43. h4 Kd6 44. Kf4
Ke7 45. g4 hxg4 46. Kxg4 Ke6 47. b3 Kf7 $1 48. h5 gxh5+ 49. Kxh5 Kg7 $1 50. Kg4
{[#] And now Kf4 would win.} Kf8 $1 51. Kf3 Kf7 52. Kf4 Ke7 $1 53. Kg4 Kf8 54.
Kf5 Kf7 $1 55. Kf4 Ke7 $1 56. Kf3 {[#] Black must now prevent Kf4.} Kf7 57. Kg3
Ke8 $1 58. Kh4 {Hoping for Kh5.} Kf7 $1 59. Kh5 {Threatens to win with Kh6.}
Kg7 $1 60. Kg4 1/2-1/2

[Event "Aeroflot Open 2017"]
[Site "Moscow"]
[Date "2017.03.01"]
[Round "9"]
[White "Jumabayev, Rinat"]
[Black "Kamsky, Gata"]
[Result "0-1"]
[WhiteElo "2611"]
[BlackElo "2669"]
[Annotator "TA"]
[PlyCount "73"]
[EventDate "2017.??.??"]

1. e4 c5 2. Nf3 Nc6 3. Bb5 g6 4. Bxc6 bxc6 5. O-O Bg7 6. Re1 Nh6 7. c3 O-O 8.
h3 f5 9. e5 Nf7 10. d3 Rb8 {LiveBook: 6 Games} 11. b3 Qc7 12. Bf4 h6 {White
has an edge.} 13. h4 c4 (13... d5 $14) 14. dxc4 (14. bxc4 $16 Nd8 15. Qc1)
14... c5 $1 $11 15. Qd2 e6 16. Qe3 Bb7 17. Nbd2 a5 18. Rab1 Qc6 19. Kf1 (19. b4
$14) 19... d6 20. Ke2 (20. exd6 $15 e5 21. Bh2 (21. Nxe5 $2 Qxg2+ 22. Ke2 Bxe5
$19) (21. Bxe5 $2 Nxe5 22. b4 cxb4 23. cxb4 Nxf3 24. Qe6+ Kh7 25. Nxf3 Rf6 $19)
) 20... Rbd8 $17 21. g3 (21. Rbd1 $17) 21... Qd7 {[#] Hoping for ...dxe5.} 22.
Kf1 $2 (22. Red1 $17) 22... dxe5 $19 23. Bxe5 Nxe5 24. Nxe5 Qxd2 25. Nxg6 Qxe3
26. Rxe3 Rfe8 27. Rbe1 Kf7 28. Ne5+ Kf6 29. Nd3 Bf8 30. f3 Bd6 31. g4 $2 (31.
f4) 31... f4 {Black is clearly winning.} 32. Re4 Bxe4 33. Rxe4 {[#]} h5 $1 34.
g5+ (34. gxh5 Kf5) 34... Kf5 35. Ke2 Rd7 36. Kd1 Bb8 37. Kc1 0-1

[Event "Aeroflot Open 2017"]
[Site "Moscow"]
[Date "2017.03.01"]
[Round "9"]
[White "Tari, Aryan"]
[Black "Gordievsky, Dmitry"]
[Result "1/2-1/2"]
[WhiteElo "2596"]
[BlackElo "2564"]
[Annotator "TA"]
[PlyCount "86"]
[EventDate "2017.??.??"]

1. d4 Nf6 2. c4 g6 3. g3 Bg7 4. Bg2 O-O 5. Nc3 d6 6. Nf3 c5 7. O-O Nc6 8. dxc5
dxc5 9. Be3 Ng4 10. Qxd8 Rxd8 11. Bxc5 Be6 12. h3 Nf6 {LiveBook: 3 Games} 13.
Rad1 Bxc4 14. Nd4 Nd5 {White has an edge.} 15. Nxd5 Bxd5 16. Nxc6 bxc6 17. b3 {
Black should prevent e4.} Bxg2 (17... e5 $11 {remains equal.}) 18. Kxg2 $16 Bf8
19. Rxd8 Rxd8 {Endgame KRB-KRB} 20. Rc1 Rd2 21. a4 ({Don't take} 21. Bxa7 $6
Rxa2 22. Be3 Rxe2 $11) 21... Rd7 22. Be3 Rc7 23. Bf4 Rc8 24. Rd1 a5 25. Rd7 e6
26. Kf3 Bb4 27. Ke4 (27. Be5 $16) 27... Kf8 $14 28. Bg5 Ke8 29. Rb7 Be1 30. Be3
Rd8 31. Rb6 Rd6 32. Rb8+ Rd8 33. Rb6 Rd6 $1 34. Ra6 h5 35. g4 hxg4 36. hxg4 Bb4
37. Bg5 Bc3 38. Ra8+ Kd7 39. Ra7+ Ke8 40. Ra8+ Kd7 41. Rf8 f5+ $1 {The
position is equal.} 42. Kf3 c5 43. gxf5 gxf5 1/2-1/2

[Event "Aeroflot Open 2017"]
[Site "Moscow"]
[Date "2017.03.01"]
[Round "9"]
[White "Kulaots, Kaido"]
[Black "Swapnil, S  Dhopade"]
[Result "1/2-1/2"]
[WhiteElo "2590"]
[BlackElo "2534"]
[Annotator "TA"]
[PlyCount "76"]
[EventDate "2017.??.??"]

1. e4 c6 2. d4 d5 3. e5 Bf5 4. Nf3 e6 5. Be2 Ne7 6. O-O h6 7. Nbd2 Nd7 8. Nb3
Qc7 9. Bd2 a5 10. a4 g5 11. Ne1 c5 {LiveBook: 7 Games} 12. c3 Bg7 (12... c4 $11
13. Nc1 f6) 13. Bb5 $14 Nc6 {White is slightly better.} 14. Nc2 (14. dxc5 Ncxe5
15. f4 Nc4 $15) 14... c4 15. Nc1 Na7 16. Bxd7+ Qxd7 17. Ne3 Bg6 18. Ne2 Bd3 (
18... Nc6 $14) 19. f4 $1 $16 gxf4 20. Rxf4 h5 21. Rf2 $1 Bh6 22. Nf1 Bxd2 23.
Nxd2 h4 24. Nf4 Bf5 25. Nh5 {And now Nf6+ would win.} O-O-O 26. Nf6 Qc7 27. h3
(27. Rxf5 $16 exf5 28. Qf3) 27... Nc6 ({Black should play} 27... Kb8 $1 $14)
28. b3 $18 cxb3 29. Nxb3 ({But not} 29. Qxb3 Bd3 $16) 29... b6 30. Rb2 Kb8 {[#]
} 31. Nd2 (31. Rc1 $142 $1) 31... Ka7 $16 32. Nb1 (32. Qf1 $16) 32... Bxb1 $1
$11 33. Raxb1 Rb8 34. Rb5 {Threatens to win with c4.} Ne7 35. R1b3 Rb7 36. Qb1
Rhb8 37. Qf1 {[#]} Rc8 (37... Qc8 $1 $17) 38. Qb1 Rcb8 1/2-1/2

[Event "Aeroflot Open 2017"]
[Site "Moscow"]
[Date "2017.03.01"]
[Round "9"]
[White "Van Foreest, Jorden"]
[Black "Moskalenko, Alexander"]
[Result "1/2-1/2"]
[WhiteElo "2584"]
[BlackElo "2488"]
[Annotator "TA"]
[PlyCount "87"]
[EventDate "2017.??.??"]

1. e4 c5 2. Nf3 Nc6 3. Bb5 Nf6 4. Bxc6 dxc6 5. d3 Bg4 6. Nbd2 Nd7 7. h3 Bh5 8.
g4 Bg6 {LiveBook: 9 Games} 9. Nh4 e6 10. Ndf3 Be7 11. Nxg6 hxg6 12. Qe2 e5 13.
Be3 Qa5+ 14. c3 Qa6 15. a3 O-O-O 16. O-O-O Qa4 17. h4 Qb3 18. Kb1 Qe6 19. Ng5
Bxg5 20. hxg5 f5 21. gxf6 gxf6 22. f3 {The position is equal.} Rxh1 23. Rxh1 g5
24. Qc2 b6 25. Rh6 Qf7 26. d4 cxd4 27. cxd4 Kb7 28. Qc3 Qg7 29. Rh1 exd4 30.
Qxd4 Qe7 {Hoping for ...Ne5.} 31. Rd1 Kc8 32. Qd6 Qxd6 33. Rxd6 $11 {Endgame
KRB-KRN} c5 34. b4 cxb4 35. axb4 Re8 36. Bf2 Rh8 37. Bd4 Rh3 38. Bxf6 Rxf3 ({
Don't capture} 38... Nxf6 $2 39. Rxf6 Kd7 40. Rf5 $18) 39. Bxg5 Rb3+ 40. Kc2
Rxb4 41. Rc6+ Kb7 42. Re6 Nc5 43. Re7+ Kc6 44. Be3 1/2-1/2

[Event "Aeroflot Open 2017"]
[Site "Moscow"]
[Date "2017.03.01"]
[Round "9"]
[White "Maghsoodloo, Parham"]
[Black "Paravyan, David"]
[Result "0-1"]
[WhiteElo "2575"]
[BlackElo "2525"]
[Annotator "TA"]
[PlyCount "96"]
[EventDate "2017.??.??"]

1. e4 e5 2. Nf3 Nf6 3. d3 Nc6 4. Be2 d5 5. Nbd2 Bc5 6. c3 a5 7. a4 O-O 8. O-O
Re8 9. Qc2 Ba7 {LiveBook: 3 Games} 10. Nb3 h6 11. Nfd2 Bg4 {Black is slightly
better.} 12. Bxg4 Nxg4 13. h3 Nf6 $1 14. Re1 Qd7 15. Nf3 Rad8 16. Be3 Bxe3 17.
Rxe3 b6 18. Ree1 Nh5 19. Nh4 (19. Rad1 $11) 19... Nf4 $17 20. Rad1 d4 21. Nc1
Qe7 22. Nf3 Qe6 23. Kh2 Rd7 24. Ng1 Qf6 25. g3 Ne6 $40 {Black goes for the
king.} 26. Nb3 Red8 27. Kg2 Qg6 {White must now prevent ...dxc3.} 28. Kh2 f5
29. Nf3 fxe4 30. Rxe4 Rf7 ({Black should play} 30... Qf5 $17 31. Nh4 Qf6) 31.
Nxe5 $11 Nxe5 32. Rxe5 Rdf8 33. f4 $2 {[#]} (33. Rf1 $11) 33... Nxf4 $1 $19 34.
gxf4 Rxf4 35. Rd2 Rf1 36. Rg2 Qf6 37. Ree2 h5 {( -> ...Qd6+)} 38. Rg3 h4 39.
Rg4 Qc6 40. Rge4 Qd6+ 41. Re5 R8f2+ (41... Qg6 $142 42. Rg2 Qf6 43. Reg5 Qd6+
44. R2g3 hxg3+ 45. Kg2 Qc6+ 46. Rd5 Qxd5+ 47. Kxg3 Qg5+ 48. Kh2 Qg1#) 42. Rxf2
{Black is clearly winning.} Qxe5+ 43. Kg2 Re1 44. Rf8+ Kh7 45. Qf2 Re2 46. Nxd4
Qg3+ 47. Kf1 Rxf2+ 48. Rxf2 Qxd3+ 0-1

[Event "Aeroflot Open 2017"]
[Site "Moscow"]
[Date "2017.03.01"]
[Round "9"]
[White "Kraemer, Martin"]
[Black "Harutyunian, Tigran K"]
[Result "1/2-1/2"]
[WhiteElo "2571"]
[BlackElo "2515"]
[Annotator "TA"]
[PlyCount "185"]
[EventDate "2017.??.??"]

1. d4 d5 2. c4 c6 3. Nc3 Nf6 4. e3 e6 5. Nf3 Nbd7 6. Qc2 Bd6 7. Bd3 O-O 8. O-O
dxc4 9. Bxc4 a6 10. Rd1 b5 11. Bd3 Qc7 12. Bd2 c5 13. Ne4 c4 14. Nxd6 Qxd6 15.
Be2 Bb7 16. b3 Rfc8 17. Qb2 Bd5 {LiveBook: 5 Games} 18. Ba5 Rab8 19. Rac1 Ng4 {
Threatening ...Bxf3.White is slightly better.} 20. h3 Bxf3 21. Bxf3 ({Don't
play} 21. hxg4 Bxe2 22. Qxe2 Qa3 $15) 21... Qh2+ 22. Kf1 Ngf6 23. Ke2 Qd6 $1
24. g3 Qe7 25. Kf1 e5 26. Kg2 e4 27. Be2 Nd5 $1 28. Rc2 N7b6 29. Rb1 g6 (29...
cxb3 $11 30. axb3 Rxc2 31. Qxc2 Rc8) 30. Qc1 (30. bxc4 $16 bxc4 31. Qc1) 30...
c3 $11 31. a3 (31. Bxc3 $2 Qc7 32. a4 Nxc3 $19) (31. a4 $11 {keeps the balance.
}) 31... Rc6 $1 $17 32. Ra1 ({Not} 32. Bxc3 $2 Rbc8 33. Qd2 Nxc3 $19) 32... h5
33. h4 Rbc8 34. Qb1 Nd7 35. b4 (35. Qh1 $17) 35... Rb8 (35... N7f6 $19 36. a4
Rb8) 36. a4 bxa4 37. Rxa4 N7b6 38. Bxb6 Rbxb6 39. Qb3 Nxb4 40. Rxc3 $2 (40. Qa3
$17 {was the crucial defense.} Qb7 41. Rxc3) 40... Nd5 $2 (40... Nd3 $1 $19 41.
Rxd3 Rxb3 42. Rxb3 Rc2 43. Rb8+ Kg7 44. Rxa6 Rxe2) 41. Qxd5 Rxc3 42. Rxa6 Rxa6
43. Bxa6 {Endgame KQR-KQB} Qf6 44. Be2 Rc2 45. Qb5 (45. Kf1 $17) 45... Qe6 {
Threatens to win with ...Qa2.} 46. Bd1 Rd2 47. Bb3 Qf6 48. Qb8+ Kg7 $36 {
Black has strong initiative.} 49. Qf4 Qxf4 50. gxf4 {KR-KB} f5 51. Bd5 Kf6 52.
Bg8 Ke7 53. d5 (53. Kg3 $17) 53... Rb2 54. Be6 Kd6 55. Bf7 Rb7 56. Be6 Kc5 57.
Kf1 Rb1+ 58. Kg2 Rb6 59. Kf1 Kb4 (59... Rb2 $19 60. Bf7 Rb1+ 61. Kg2 Rb7) 60.
Bf7 $15 Ra6 61. Ke2 Kc5 62. Kf1 ({White must play} 62. f3 $1 $15) 62... Ra1+
$19 63. Kg2 {[#]} Ra7 $1 64. Be6 Ra6 65. Kf1 Kb4 (65... Ra1+ $19 66. Kg2 Kd6)
66. Bf7 {[#]} (66. Ke2 $17) 66... Rb6 (66... Kb5 $1 $19 67. f3 Kc5 68. fxe4
fxe4) 67. Ke2 Kc3 68. Be8 Rf6 69. Bc6 $2 (69. Bb5 $17 {was necessary.}) 69...
Kc4 70. Kd2 Rf8 71. Ke2 $2 (71. d6) 71... Rb8 72. Kf1 Rb1+ 73. Kg2 Rb8 $2 (
73... Rb6 74. Kg3 Kc5) 74. Kf1 $1 Kd3 75. d6 Kc4 76. d7 Rd8 77. Ba4 Kb4 78. Bc6
Kc5 79. Ba4 Kd6 80. Bb5 Kc7 81. Ba4 Rb8 82. Kg1 Rb6 83. Kf1 Rd6 84. Kg1 Kb6 85.
Kf1 Kc7 $2 ({Black should play} 85... Rd3 $19 {And now ...Kc7 would win.} 86.
Kg2 Kc7) 86. Bb5 $2 (86. Kg1 $1 $11 Ra6 87. Bb5) 86... Rd5 87. Ba4 Ra5 88. Bc6
Ra1+ 89. Kg2 Rd1 90. Ba4 Rd6 $2 (90... Rd3 $19 {...Rd2 is the strong threat.}
91. Kg3 Kd8) 91. Kf1 $2 (91. Kg1 $1 $11 {and White stays safe.} Ra6 92. Bb5)
91... Kb6 92. Ke2 Kc7 93. Kf1 $1 1/2-1/2

[Event "Aeroflot Open 2017"]
[Site "Moscow"]
[Date "2017.03.01"]
[Round "9"]
[White "Ghaem Maghami, Ehsan"]
[Black "Lysyj, Igor"]
[Result "1/2-1/2"]
[WhiteElo "2566"]
[BlackElo "2643"]
[Annotator "TA"]
[PlyCount "69"]
[EventDate "2017.??.??"]

1. Nf3 Nf6 2. c4 e6 3. d4 d5 4. g3 Be7 5. Bg2 Nbd7 6. Qc2 c6 7. O-O b6 8. Nbd2
O-O 9. e4 dxc4 10. Nxc4 Bb7 {LiveBook: 20 Games} 11. Ne3 c5 12. d5 exd5 13.
exd5 Nxd5 (13... Bxd5 $6 14. Nxd5 Nxd5 15. Rd1 $16) 14. Nxd5 Bxd5 15. Rd1 Be6
$1 16. Bf4 {Hoping for Ne5.} Bf6 17. Rd2 a6 18. Rad1 Ra7 19. Ne5 $36 {White
fights for an advantage.} Bxe5 20. Bxe5 Qc8 (20... Bxa2 $2 21. b3 $18) 21. Bf4
Nf6 22. Rd6 {Strongly threatening Rc6.} Bg4 ({Don't go for} 22... Bxa2 $2 23.
b3 $18 (23. Rxb6 Qg4 24. h3 Qg6 25. Qxc5 Rd7 26. Rxd7 Nxd7 27. Rxg6 Nxc5 $16))
23. Re1 ({Not} 23. Rxb6 Bxd1 24. Qxd1 Rd8 $17) 23... Bh3 24. Bxh3 ({Reject} 24.
Rxb6 Bxg2 25. Kxg2 Nd5 $15) 24... Qxh3 25. Rxb6 Raa8 26. Rd6 Rfe8 {[#]} 27.
Rdd1 h6 28. f3 Nd5 (28... Rxe1+ $11 {keeps the balance.} 29. Rxe1 Qc8) 29. Bd2
(29. Be5 $16 Nb4 30. Qxc5) 29... Rac8 $11 30. Rxe8+ Rxe8 {The position is
equal.} 31. Re1 Rxe1+ 32. Bxe1 Qe6 33. Bf2 Nb4 34. Qxc5 Nxa2 35. Qe3 1/2-1/2

[Event "Aeroflot Open 2017"]
[Site "Moscow"]
[Date "2017.03.01"]
[Round "9"]
[White "Idani, Pouya"]
[Black "Kobalia, Mikhail"]
[Result "0-1"]
[WhiteElo "2563"]
[BlackElo "2628"]
[Annotator "TA"]
[PlyCount "66"]
[EventDate "2017.??.??"]

1. e4 e6 2. d4 d5 3. Nd2 c5 4. Ngf3 cxd4 5. exd5 Qxd5 6. Bc4 Qd7 7. O-O Nc6 8.
Nb3 Nf6 9. Qe2 a6 10. a4 Bd6 11. Rd1 e5 12. Nbxd4 Nxd4 13. Rxd4 Qe7 14. Rxd6
Qxd6 15. b3 {LiveBook: 4 Games} e4 {Strongly threatening ...Be6.} 16. Ba3 Qf4
17. Bb5+ (17. Qe1 $11 {remains equal.} Be6 18. Qa5) 17... axb5 $17 18. Qxb5+
Nd7 $1 19. Qb4 {[#]} (19. Re1 $17 {might work better.} Kd8 20. Rd1) 19... Kd8
$1 $19 20. Qe7+ Kc7 21. Rd1 {[#] Threatens to win with Bd6+.} Ra6 $1 22. Ne5 {
Bd6+ is the strong threat.} Qf6 23. Nxf7 {[#]} Qxe7 $3 24. Bxe7 Re6 25. Bd6+
Kc6 26. Nxh8 (26. Bg3 {was called for.} Rg8 27. b4) 26... Rxd6 27. Rxd6+ Kxd6
28. Nf7+ Ke7 29. Ng5 Nf6 30. f3 e3 31. a5 $2 (31. Kf1) 31... Bf5 32. c4 Bc2 33.
b4 $2 (33. Kf1) 33... Bd3 0-1

[Event "Aeroflot Open 2017"]
[Site "Moscow"]
[Date "2017.03.01"]
[Round "9"]
[White "Indjic, Aleksandar"]
[Black "Motylev, Alexander"]
[Result "1/2-1/2"]
[WhiteElo "2560"]
[BlackElo "2663"]
[Annotator "TA"]
[PlyCount "122"]
[EventDate "2017.??.??"]

1. Nf3 d5 2. d3 g6 3. c3 {??.} Bg7 4. Qa4+ c6 5. e4 Nf6 6. Bf4 Nbd7 7. Nbd2 O-O
8. h3 Nh5 9. Be3 e5 10. g3 f5 (10... a5 $15) 11. exd5 (11. Bxa7 $2 b5 12. Qa3
fxe4 13. dxe4 Qc7 14. exd5 Rxa7 $19) 11... f4 (11... cxd5 $15 12. Qb5 Nhf6) 12.
gxf4 $1 $11 (12. Bxa7 fxg3 13. dxc6 gxf2+ 14. Kxf2 Kh8 15. cxd7 Bxd7 $19) 12...
exf4 13. Bd4 Re8+ 14. Kd1 Bxd4 15. Qxd4 c5 $1 16. Qc4 b5 17. Qb3 Rb8 18. a4
bxa4 19. Qc2 c4 {Black wants to play ...Nc5.} 20. Qxa4 ({But not} 20. Nxc4 Bb7
21. Ncd2 Bxd5 $11) 20... Rxb2 21. Qxc4 Ndf6 ({Better is} 21... Ng7 $14) 22. Qd4
({Reject} 22. Rxa7 $6 Bb7 23. d6+ Bd5 $11) ({White should play} 22. Bg2 $1 $16)
22... Qxd5 $14 {...Rxd2+! is the strong threat.} 23. Qxd5+ Nxd5 24. c4 Nb4 $36
{Black is more active.} 25. Rxa7 Bf5 26. Ra3 Rd8 27. Ne1 Nc6 28. Be2 (28. Bg2
$11 Nd4 29. Kc1) 28... Nf6 (28... Ne5 $15 29. Rc3 Ra8) 29. Kc1 $11 Rb6 30. Nb3
(30. Nc2 $11 {keeps the balance.}) 30... Rdb8 (30... Nb4 $17 31. Nc5 Rc8) 31.
Bd1 Ne5 32. Nd4 (32. Bc2 $11 {remains equal.}) 32... Rb1+ $17 33. Kd2 {[#]}
Bxd3 $1 34. Rxd3 Ne4+ 35. Ke2 Nxd3 (35... R8b2+ $19 36. Ndc2 Nxd3 37. Nxd3 {[#]
} Rxc2+ $1 38. Bxc2 Rxh1) 36. Nxd3 Nc3+ $1 37. Kd2 Nxd1 38. Nc6 R8b3 ({Black
should try} 38... R8b6 $1 $17 39. Ne7+ Kf7) 39. Nce5 $15 Nc3 40. Rxb1 Nxb1+ {
Endgame KRN-KNN} 41. Kc2 Rb8 42. Nxf4 Na3+ 43. Kc3 Rb1 44. Ne6 Re1 45. f4 Re3+
46. Kb4 $1 Nc2+ 47. Kb5 Rxh3 48. c5 Rc3 49. c6 Ne3 50. c7 Nd5 51. Nc6 $1 {[#]}
Nxc7+ $1 52. Nxc7 h5 53. Nd5 (53. f5 $1 $11) 53... Rg3 $1 $19 54. f5 $2 (54.
Ne5) 54... h4 {aiming for ...h3.} ({Worse is} 54... gxf5 55. Nf6+ Kf7 56. Nxh5
$11) 55. Nce7+ Kf7 {Threatens to win with ...h3.} 56. Nxg6 h3 {And now ...h2
would win.} 57. Ne5+ Kf8 $1 {Strongly threatening .. .h2.} 58. Nf4 {
Threatening f6.} h2 59. f6 {[#] Hoping for Ne6+.} Rb3+ $1 60. Ka6 {[#] White
wants to mate with Nfg6+.} Rb8 $2 (60... Ra3+ $1 $19 61. Kb6 Ra8 62. Ne6+ Kg8
63. f7+ Kh8 64. f8=Q+ Rxf8 65. Nxf8 h1=Q) 61. Ka7 $1 $11 {[#]} Ra8+ $1 1/2-1/2

[Event "Aeroflot Open 2017"]
[Site "Moscow"]
[Date "2017.03.01"]
[Round "9"]
[White "Huzman, Alexander"]
[Black "Adhiban, B."]
[Result "1/2-1/2"]
[WhiteElo "2552"]
[BlackElo "2682"]
[Annotator "TA"]
[PlyCount "52"]
[EventDate "2017.??.??"]

1. Nf3 Nf6 2. c4 g6 3. Nc3 Bg7 4. e4 d6 5. d4 O-O 6. Be2 Na6 7. O-O e5 8. Re1
Qe8 9. Bg5 h6 10. Bxf6 Bxf6 11. c5 Bg7 {LiveBook: 4 Games} (11... dxc5 $142 12.
Nd5 Bd8) 12. Bxa6 $16 bxa6 13. dxe5 (13. Nd5 $16 Rb8 14. Nxc7) 13... dxe5 $14 {
White is slightly better.} 14. Nd5 Rb8 $1 15. Qc2 f5 16. Rad1 (16. Nxc7 Qf7 17.
Nh4 fxe4 18. Nxg6 Qxg6 $19) 16... Qf7 17. b3 fxe4 18. Qxe4 Bf5 19. Qc4 Be6 {
[#] aiming for ...Rbd8.} 20. Qe4 Bf5 21. Qc4 Be6 {Threatens to win with ...
Rbd8.} 22. Qe4 Rbd8 (22... Bf5 $11 23. Qh4 Rbe8) 23. Ne3 Bf5 24. Qc4 (24. Nxf5
$16 gxf5 25. Qc6) 24... Be6 25. Qe4 ({Not} 25. Qxa6 e4 26. Nd2 Qxf2+ 27. Kh1
Bc8 28. Qc4+ Kh7 $17) 25... Bf5 $1 26. Qc4 Be6 1/2-1/2

[Event "Aeroflot Open 2017"]
[Site "Moscow"]
[Date "2017.03.01"]
[Round "9"]
[White "Schroeder, Jan-Christian"]
[Black "Sethuraman, S P."]
[Result "1/2-1/2"]
[WhiteElo "2543"]
[BlackElo "2623"]
[Annotator "TA"]
[PlyCount "80"]
[EventDate "2017.??.??"]

1. e4 g6 2. d4 Bg7 3. Nf3 d6 4. Be2 Nf6 5. Nc3 O-O 6. O-O a6 7. Re1 e6 8. Bf4 {
LiveBook: 3 Games} Nc6 9. h3 b5 10. e5 {White has an edge.} dxe5 11. dxe5 Nd5
12. Nxd5 Qxd5 13. Bd3 Bb7 14. Be4 Qxd1 15. Raxd1 Rad8 16. c4 Ba8 ({Reject} 
16... bxc4 17. Rc1 $14) 17. Rc1 {Black should prevent cxb5.} Nb4 18. cxb5 axb5
19. Rxc7 Bxe4 20. Rxe4 Nd3 21. Bg3 {The position is equal.} Rd5 ({Of course not
} 21... Nxb2 $6 22. Rb4 Na4 23. Rxb5 $16) 22. b3 h6 23. a4 bxa4 24. bxa4 Ra8
25. h4 Rc5 26. Rc4 Rxc7 27. Rxc7 Rxa4 28. Rc8+ Bf8 29. Rd8 Nc5 30. Rd4 Rxd4 (
30... Ra1+ $5 31. Kh2 $8 Kg7 $11) 31. Nxd4 $11 {Endgame KBN-KBN} Ne4 32. Kf1
Bc5 33. Nf3 Kg7 34. Ke2 Bb6 35. Nd2 Nc3+ 36. Kd3 Nd5 37. Ne4 Bd8 38. Nd6 g5 39.
hxg5 hxg5 40. Ke4 Kg6 1/2-1/2

[Event "Aeroflot Open 2017"]
[Site "Moscow"]
[Date "2017.03.01"]
[Round "9"]
[White "Xu, Yinglun"]
[Black "Swiercz, Dariusz"]
[Result "1/2-1/2"]
[WhiteElo "2540"]
[BlackElo "2645"]
[Annotator "TA"]
[PlyCount "65"]
[EventDate "2017.??.??"]

1. d4 Nf6 2. c4 g6 3. Nc3 d5 4. Bg5 Bg7 5. Bxf6 Bxf6 6. cxd5 c5 7. dxc5 Nd7 8.
e3 O-O 9. Bc4 Nxc5 10. Nge2 Qa5 11. Qd2 b5 12. Nxb5 Qxd2+ 13. Kxd2 {LiveBook:
3 Games} Rb8 ({Don't play} 13... Bxb2 14. Rab1 Be5 15. f4 Ne4+ 16. Ke1 $14) 14.
Rhb1 Bf5 15. f3 Bxb1 16. Rxb1 Na4 17. b3 Nb6 18. e4 {[#]} e6 $1 19. Nbc3 (19.
dxe6 Nxc4+) 19... exd5 20. Bxd5 Rfd8 21. Kd3 Kg7 {Black has compensation.} 22.
g3 Rbc8 23. b4 Nc4 24. Rb3 h5 25. h4 Rd7 26. b5 Ne5+ 27. Ke3 Bd8 {Black wants
to play ...Bb6+.} 28. Nd4 $1 {The position is equal.} Bb6 {And now ...Rc4!
would win.} 29. Na4 $1 Nc4+ 30. Kd3 Ne5+ 31. Ke3 Nc4+ 32. Kd3 Ne5+ 33. Ke3
1/2-1/2

[Event "Aeroflot Open 2017"]
[Site "Moscow"]
[Date "2017.03.01"]
[Round "9"]
[White "Gabrielian, Artur"]
[Black "Alekseenko, Kirill"]
[Result "0-1"]
[WhiteElo "2532"]
[BlackElo "2588"]
[Annotator "TA"]
[PlyCount "85"]
[EventDate "2017.??.??"]

1. e4 c6 2. d4 d5 3. e5 Bf5 4. Nf3 e6 5. Be2 Ne7 6. O-O h6 7. Nbd2 Nd7 8. Nb3
Qc7 9. Bd2 g5 10. Ne1 {LiveBook: 10 Games} Rg8 11. Nd3 Ng6 12. a4 {White has
an edge.} f6 13. exf6 Bd6 14. f7+ Kxf7 15. g3 Kg7 16. Rc1 Rae8 17. c4 dxc4 18.
Rxc4 Nb6 19. Ba5 Qf7 20. Bxb6 axb6 21. Nd2 (21. Rc3 $11 {keeps the balance.})
21... Rd8 $36 {Keeping White busy.} 22. Qb3 Bc7 23. Qc3 $1 Qf6 24. Bf3 Kh7 25.
Ne4 Qg7 26. Re1 Rgf8 27. Bg2 Rf7 28. Nb4 (28. h3 $15) 28... Rfd7 29. Nc2 e5 30.
Qd3 (30. Qf3 $15 Bxe4 31. Qxe4 (31. Rxe4 exd4 32. Qd3 c5 $17)) 30... Be6 (30...
Kh8 $19 31. Ne3 Be6) 31. Rc3 $2 {[#]} (31. Rb4 $17) 31... exd4 $19 32. Ra3 {
White wants to play Nxg5+!} Qf7 33. Nd2 Kh8 34. Qf1 Ne5 35. Raa1 Rf8 36. Rad1
Bg4 37. Rc1 d3 38. Ne3 Be2 39. Rxe2 dxe2 40. Qxe2 {[#]} Qxf2+ $1 41. Qxf2 Rxf2
42. Ne4 Rf8 43. Bf1 0-1

[Event "Aeroflot Open 2017"]
[Site "Moscow"]
[Date "2017.03.01"]
[Round "9"]
[White "Sunilduth Lyna, Narayanan"]
[Black "Vavulin, Maksim"]
[Result "1-0"]
[WhiteElo "2524"]
[BlackElo "2604"]
[Annotator "TA"]
[PlyCount "73"]
[EventDate "2017.??.??"]

1. d4 Nf6 2. c4 e6 3. Nf3 b6 4. g3 Ba6 5. Qc2 c6 6. e4 d5 7. cxd5 Bxf1 8. Kxf1
cxd5 9. e5 {LiveBook: 12 Games} Ng8 10. Kg2 Ne7 11. Nc3 {White is better.} a6
12. Bd2 Nec6 13. Rac1 Be7 14. Ne2 Ra7 15. h4 Rc7 16. Qd3 Rc8 17. Nf4 g6 18. a3
h5 19. Rc2 Qd7 20. Rhc1 Qb7 (20... Bd8 $16 {is a better defense.} 21. b4 Rc7)
21. Nh3 $18 Kf8 (21... Na7 $142 22. Rxc8+ Nxc8) 22. Nfg5 Qd7 23. Qf3 {[#]} Bd8
24. Qf4 Kg7 25. Bb4 {Strongly threatening Bd6.} f5 $2 (25... Rc7 26. Bd6 Rb7)
26. exf6+ Bxf6 27. Qd6 Qxd6 28. Bxd6 Rce8 29. Rxc6 Nxc6 30. Rxc6 Bxd4 31. Nf4
Bf6 32. Rxb6 a5 33. Ngxe6+ Kf7 34. Rb7+ Kg8 35. Nxd5 {[#]} Rxe6 36. Nxf6+ Rxf6
37. Be5 1-0